000 00355nam a2200145Ia 4500
008 150201s2008 xx 000 0 und d
082 _a301
_bS08N
100 _aNEERAJA , PK
245 _aTB OF SOCIOLOGY FOR PHYSIOTHERAPY STUDENTS
250 _a1ST
260 _bJAYPEE
_aDELHI
_c2008
300 _a1-470
650 _aPHYSIOTHERAPY
942 _2ddc
_cBK
_05
999 _c1390
_d1390